| 000 | 00305 a2200133 4500 | ||
|---|---|---|---|
| 999 |
_c324999 _d324999 |
||
| 001 | 89926 | ||
| 003 | NUST | ||
| 082 | _a297.246 ABU | ||
| 100 |
_aAbul Fida Imam _99907 |
||
| 245 |
_aQas'sul Anbia _hUrdu |
||
| 260 |
_aLahore _bDarussalam _c2012 |
||
| 300 | _a642p. | ||
| 500 | _aGeneral Books | ||
| 942 |
_aCAE NUST _cBK _k297.246 ABU _2ddc |
||